[Event "Rohde op 10th"]
[Site "Sautron"]
[Date "2010.10.24"]
[Round "2"]
[White "Metayer, Manuel"]
[Black "Bezy, Bernard"]
[Result "1-0"]
[WhiteElo "1480"]
[BlackElo "1670"]
[PlyCount "125"]
[EventDate "2010.10.23"]
[EventType "swiss"]
[EventRounds "9"]
[EventCountry "FRA"]
[SourceTitle "EXT 2012"]
[Source "ChessBase"]
[SourceDate "2011.11.24"]
[SourceVersion "1"]
[SourceVersionDate "2011.11.24"]
[SourceQuality "1"]

1. e4 e5 2. Nf3 Nf6 3. d4 exd4 4. e5 Nd5 5. Bc4 c6 6. Qxd4 Qb6 7. Bxd5 Qa5+ 8. Nc3 cxd5 9. Qxd5 Bb4 10. Qxa5 Bxa5 11. 0-0 0-0 12. Nd5 h6 13. b4 Bd8 14. Bb2 Nc6 15. Rfe1 a6 16. Nd4 b5 17. a3 Bb7 18. Rad1 Nxd4 19. Rxd4 Re8 20. Nf4 d5 21. Nd3 Rc8 22. c3 g5 23. Nc5 Ba8 24. e6 Bb6 25. exf7+ Kxf7 26. Rxe8 Rxe8 27. Rd1 a5 28. Kf1 Bxc5 29. bxc5 Rc8 30. Rd3 Rxc5 31. Rf3+ Kg6 32. g4 Rc4 33. h3 d4 34. Rd3 dxc3 35. Bxc3 b4 36. Rd6+ Kf7 37. Bb2 Rc2 38. axb4 Rxb2 39. bxa5 Bf3 40. Ke1 Re2+ 41. Kf1 Re6 42. Rd7+ Ke8 43. Rc7 Kd8 44. Rf7 Be2+ 45. Kg1 Bc4 46. Ra7 Re7 47. Ra8+ Kc7 48. Rh8 Re6 49. Rh7+ Kc6 50. Ra7 Kc5 51. Kh2 Kb4 52. Kg3 Ba6 53. f4 Re3+ 54. Kg2 Re2+ 55. Kf3 Re6 56. f5 Rc6 57. Ke4 Kxa5 58. Ke5 Kb6 59. Rg7 Bc8 60. Rg6 Bd7 61. Rxc6+ Kxc6 62. Kf6 Be8 63. Ke7 1-0